00293nam a2200109Ia 4500008004100000082001400041100001900055245002400074260005500098630001800153650001200171211109s9999||||xx |||||||||||||| ||und|| aasbCOL-F aCollins, Larry 0aFreedom at Midnight bKamalalya Printing WorksaThiruvananthapuramc1978 xGeneral Stack vEnglish